Moderné teórie ekonomických cyklov

Najvýznamnejšie výsledky empirických analýz rôznych teoretických ekonomických škôl, ktoré súvisia s modernými teóriami cyklického vývoja ekonomiky a s modernými teóriami ekonomického rastu. Nosné moderné teórie ekonomického cyklu a rastu, ktoré ovplyvnili ekonomickú teóriu v poslednej dekáde 20. sto...

Descrizione completa

Salvato in:
Dettagli Bibliografici
Autore principale: Novák, Marcel, 1979-
Natura: Capitolo di libro
Lingua:slovacco
Soggetti:
Tags: Aggiungi Tag
Nessun Tag, puoi essere il primo ad aggiungerne!!

MARC

LEADER 00000nla$a2200000$$$4500
001 0123702
005 20240502072409.0
041 0 |a slo 
044 |a SK 
245 1 0 |a Moderné teórie ekonomických cyklov  |c Marcel Novák 
520 |a Najvýznamnejšie výsledky empirických analýz rôznych teoretických ekonomických škôl, ktoré súvisia s modernými teóriami cyklického vývoja ekonomiky a s modernými teóriami ekonomického rastu. Nosné moderné teórie ekonomického cyklu a rastu, ktoré ovplyvnili ekonomickú teóriu v poslednej dekáde 20. storočia a na ziačiatku 21. storočia. 
610 2 0 |a teórie ekonomické 
610 2 0 |a cykly hospodárske 
610 2 0 |a teória cyklu 
610 2 0 |a rast hospodársky 
610 2 0 |a teórie rastu hospodárskeho 
100 1 |a Novák, Marcel, 1979-